| 000 | 00647nam a22002177a 4500 | ||
|---|---|---|---|
| 005 | 20170124110214.0 | ||
| 010 | _a045845 | ||
| 020 | _c37.00 | ||
| 035 | _a045845 | ||
| 037 | _bCen Lib/Ret | ||
| 040 |
_aDPL _bEN |
||
| 082 |
_a915.4 _bREH |
||
| 245 |
_aThe rehla of IBN Battuta : _ctranslated by Mahdi Husain _bIndia,Maldive islands and Ceylon / |
||
| 260 |
_aBaroda _bOriental Institute _c1953 |
||
| 300 |
_alxxvii,300p. : _c22cm(Hb) _bill. |
||
| 500 | _aIncludes index | ||
| 650 |
_aThe Sultans of Delhi _938683 |
||
| 650 |
_aDehli to Malabar _938684 |
||
| 700 |
_aHusain, Mahdi _938685 |
||
| 942 |
_2ddc _cEN _h915.4 _mREH |
||
| 999 |
_c133700 _d133700 |
||